000 00500nam a2200157 a 4500
001 000014170
005 20230308115615.0
008 091207s1999 dr 000 0 spa d
040 _aDO-SdBNP
_bspa
_cBNPHU
082 _axxx
_bA627e
110 1 _aRepública Dominicana.
_bComisionado de Apoyo a la Reforma y Modernización de la Justicia
_917179
245 1 0 _aAnteproyecto de estatuto del Misterio Público.
260 _aSanto Domingo :
_bBúho,
_c1999.
300 _a61 p. ;
_c27 cm.
049 _aBNPD
999 _c13771
_d13771